| 000 | 00714pam a2200241 a 4500 | ||
|---|---|---|---|
| 008 | |||
| 020 | _a0412273209 (pbk.) | ||
| 049 | _aMAIN | ||
| 090 |
_aTK7887.5 _bBAI |
||
| 100 | 1 | _aBains, Geoff. | |
| 245 | 1 | 0 |
_aPractical interfacing with the BBC Micro / _cGeoff Bains. |
| 260 |
_aLondon : _bChapman & Hall, _c1986. |
||
| 300 |
_aviii, 202 p. : _bill. ; _c24 cm. |
||
| 500 | _aIncludes index. | ||
| 650 | 0 | _aBBC Microcomputer. | |
| 650 | 0 | _aComputer interfaces. | |
| 653 |
_aBBC microcomputer systems _aInterfaces - Manuals. |
||
| 907 |
_a.b10064138 _b02-05-12 _c17-04-03 |
||
| 003 | |||
| 005 | 20230123133240.0 | ||
| 040 | _cNUST | ||
| 942 |
_cBOOKS _kTK7887.5 _mBAI |
||
| 999 |
_c145312 _d145312 |
||